| 000 | 00812cam a2200253 4500 | ||
|---|---|---|---|
| 001 | ABS62647 | ||
| 008 | 000000n2000 000 0 eng u | ||
| 035 | _a(Sirsi) u107475 | ||
| 100 | _aExall, G. | ||
| 245 | _aCivil litigation brief | ||
| 260 | _c2000 | ||
| 490 |
_aSolicitors' Journal _v144(24) 588-589(2) |
||
| 520 | _aTakes a look at the latest Practice Direction which covers all civil appeals lodged on or after 2 May 2000. Briefly outlines the new appeals regime. | ||
| 590 | _aABS | ||
| 650 | _aAPPEAL PROCEDURE | ||
| 650 | _aPRACTICE DIRECTION | ||
| 650 | _aCIVIL LITIGATION | ||
| 650 | _aCOURT OF APPEAL | ||
| 650 | _aACCESS TO JUSTICE ACT 1999 (DESTINATION OF APPEALS) ORDER 2000 | ||
| 650 | _aACCESS TO JUSTICE ACT 1999 | ||
| 650 | _aFINAL DECISION | ||
| 690 | _aLAW | ||
| 942 | _n0 | ||
| 999 |
_c64241 _d64241 |
||